000 00378nam a2200169Ia 4500
001 8399
003 IN-NITTTR
005 20251114233037.0
008 251113s9999||||xx |||||||||||||| ||eng||
040 _beng
040 _cIN-NITTTR
041 _aeng
082 _a128 B835S
100 _aBrunton, Paul
245 0 _aQuest of the overself /
_cBrunton, Paul
942 _2ddc
_cBK
999 _c11037
_d11037